<?xml version="1.0" encoding="UTF-8"?>
<collection xmlns="http://www.loc.gov/MARC21/slim">
    <record>
        <controlfield tag="001">66591</controlfield>
        <controlfield tag="005">20180223094607.0</controlfield>
        <datafield tag="037" ind1=" " ind2=" ">
            <subfield code="a">GDOC-2016-27824</subfield>
        </datafield>
        <datafield tag="041" ind1=" " ind2=" ">
            <subfield code="a">spa</subfield>
        </datafield>
        <datafield tag="100" ind1=" " ind2=" ">
            <subfield code="0">(orcid)0000-0002-3116-3641</subfield>
            <subfield code="1">102762</subfield>
            <subfield code="a">Escudero Alías, María Teresa</subfield>
        </datafield>
        <datafield tag="245" ind1="0" ind2="0">
            <subfield code="9">27824</subfield>
            <subfield code="a">Lengua inglesa III</subfield>
        </datafield>
        <datafield tag="260" ind1=" " ind2=" ">
            <subfield code="a">Zaragoza</subfield>
            <subfield code="b">Universidad de Zaragoza</subfield>
            <subfield code="c">2016-2017</subfield>
        </datafield>
        <datafield tag="520" ind1=" " ind2=" ">
            <subfield code="a">Breve presentación de la asignatura
Lengua Inglesa III (27824), asignatura semestral de enseñanza obligatoria del Grado en Estudios Ingleses, supone la iniciación al estudio avanzado de la lengua inglesa y a la práctica de aspectos fonético-fonológicos, léxico-gramaticales y discursivos con vistas a la consecución del nivel C1. Cubre tanto la comprensión y producción escritas (entender y producir textos complejos, identificando y transmitiendo matices y sentidos implícitos) como la comprensión y producción orales (entender textos audiovisuales naturales y comunicarse con corrección, fluidez y espontaneidad). Posee, asimismo, un enfoque instrumental, aplicado al estudio de las humanidades, común a todas las asignaturas de la materia ‘Lengua inglesa’ en el Grado.</subfield>
            <subfield code="b"> </subfield>
        </datafield>
        <datafield tag="521" ind1=" " ind2=" ">
            <subfield code="9">120</subfield>
            <subfield code="a">Estudios Ingleses</subfield>
        </datafield>
        <datafield tag="540" ind1=" " ind2=" ">
            <subfield code="a">by-nc-sa</subfield>
            <subfield code="b">Creative Commons</subfield>
            <subfield code="c">3.0</subfield>
            <subfield code="u">http://creativecommons.org/licenses/by-nc-sa/3.0/</subfield>
        </datafield>
        <datafield tag="700" ind1=" " ind2=" ">
            <subfield code="0">(orcid)0000-0002-1613-5044</subfield>
            <subfield code="1">181984</subfield>
            <subfield code="a">Ibañez Muñoz, Oscar</subfield>
        </datafield>
        <datafield tag="830" ind1=" " ind2=" ">
            <subfield code="9">416</subfield>
        </datafield>
        <datafield tag="856" ind1="4" ind2=" ">
            <subfield code="s">11507</subfield>
            <subfield code="u">http://zaguan.unizar.es/record/66591/files/guia-27824-en.pdf</subfield>
            <subfield code="y">Guide (english)</subfield>
        </datafield>
        <datafield tag="856" ind1="4" ind2=" ">
            <subfield code="s">17914</subfield>
            <subfield code="u">http://zaguan.unizar.es/record/66591/files/guia-27824-es.pdf</subfield>
            <subfield code="y">Guía (idioma español)</subfield>
        </datafield>
        <datafield tag="970" ind1=" " ind2=" ">
            <subfield code="a">GDOC-2016-27824</subfield>
        </datafield>
        <datafield tag="980" ind1=" " ind2=" ">
            <subfield code="a">GDOC</subfield>
            <subfield code="b">Artes y humanidades</subfield>
            <subfield code="c">103</subfield>
        </datafield>
    </record>

    
</collection>